000
00252nam a22001097a 4500
082
_a
658 TER'P
100
_a
TERRY, GEORGE R
_9
58587
245
_a
PRINCIPLES OF MANAGEMENT
260
_a
ILLINOIS
_b
RICHARD D. IRWIN
_c
1956
300
_a
730P
942
_c
BK
999
_c
568751
_d
568751